000 01680cam a22004694i 4500
003 PE-LiUPU
005 20250731173503.0
008 150616s r 000 0 d
020 _a0800620453
035 _a(Sirsi) i9780800620455
040 _aPE-LiUPU
_bspa
_cPE-LiUPU
_erda
049 _aPRUA
082 0 4 _a226.407
_bD24
_221
100 1 _aDanker, Frederick W.,
_eautor.
245 1 0 _aJesus and the New Age /
_cFederick W. Danker.
264 1 _aPhiladelphia :
_bFortress Press,
_c1988.
300 _a410 páginas ;
_c22 centímetros
336 _atext
_2rdacontent
337 _aunmediated
_2rdamedia
338 _avolume
_2rdacarrier
505 0 _aBeginnings 1:5-2:52 -- John the Baptist and Jesus 3:1-38 -- Outreach to Israel 4:1-9:50 -- We Go up to Jerusalem 9:51-19:27 -- The Ministry of Jesus in Jerusalem 19:28-21:38 -- The Passion Account 22-23 -- The Exalted Lord 24.
526 _aSEG42
526 _aSEG41
526 _aSEG40
526 _aSEG39
526 _aP94
526 _aP87
526 _aP86
526 _aP85
526 _aP77
526 _aP76
526 _aP35
600 1 _aJesucristo
630 _aBiblia.
_pN.T.
_pLucas
_xComentarios.
910 _ajck
_bjvq
_cjck
942 _2ddc
_cBOOK
949 _a226.407 D24
_wDEWEY
_c1
_i40361
_lCCODEBUL1
_mBUL
_r0
_sY
_tBOOK
_u2015-6-16
_xTEOLOGIA
_zUNKNOWN
_0COMPRA
_o.STAFF. Colección General
994 _aC0
_bPEPRU
596 _a1
999 _a226.407 D24
_wDEWEY
_c58167
_i40361
_d58167
_f2021-11-9
_g5
_lCCODEBUL1
_mBUL
_q2
_r0
_sY
_tBOOK
_u2015-6-16
_xTEOLOGIA
_zUNKNOWN
_0COMPRA
_o.STAFF. Colección General
980 _81
_gALBERTO SANCHEZ Responsable de Automatización